| 000 | 00696nam a2200229 a 4500 | ||
|---|---|---|---|
| 005 | 20230909063622.0 | ||
| 008 | 121022s2007 mx r 000 0 spa d | ||
| 020 | _a9789501122114 | ||
| 035 | _aUPN01000187842 | ||
| 049 | _aI | ||
| 050 | 4 |
_aPZ76.3 _bS9.7 |
|
| 100 | 1 |
_aSuárez, Patricia, _d1969- _931716 |
|
| 245 | 1 | 0 |
_aRupert, el valiente / _cPatricia Suárez ; il. Marcelo Elizalde. |
| 260 |
_aBuenos Aires : _bSigmar, _cc2007. |
||
| 300 |
_a[16] p. : _bprincipalmente il. col. |
||
| 440 | 0 | _aBarrilete | |
| 650 | 0 |
_aAnimales _vCuentos y leyendas _9234 |
|
| 650 | 2 |
_aDragones _vLiteratura infantil _911808 |
|
| 700 | 1 |
_aElizalde, Marcelo, _eil. |
|
| 905 | _aInfantil | ||
| 999 |
_c159945 _d159945 |
||